header

Beyond identity politics (Record no. 129662)

MARC details
000 -LEADER
fixed length control field 01276nam a2200349 a 4500
082 04 - DEWEY DECIMAL CLASSIFICATION NUMBER
Classification number 305.4201
100 1# - MAIN ENTRY--AUTHOR NAME
Personal name Lloyd, Moya,
245 10 - TITLE STATEMENT
Title Beyond identity politics
260 ## - PUBLICATION, DISTRIBUTION, ETC. (IMPRINT)
Place of publication London ;
-- Thousans Oaks, Calif. :
Name of publisher Sage,
Year of publication 2005.
300 ## - PHYSICAL DESCRIPTION
Number of Pages viii, 198 p.
650 #0 - SUBJECT ADDED ENTRY--TOPICAL TERM
Topical Term Feminist theory.
Topical Term Difference (Philosophy)
Topical Term Power (Social sciences)
856 40 - ELECTRONIC LOCATION AND ACCESS
Uniform Resource Identifier http://site.ebrary.com/lib/rucke/Doc?id=10218217

No items available.

© 2026 Rongo University
Contact us: librarian | system librarian | Rongo university